000 00437nam a2200169 i 4500
001 104032
003 ES-MaACL
007 t|
008 051122s1967 mx ||||1| spa d
245 0 0 _aMéxico-Acapulco.
260 _aMéxico :
_bGrijaldo,
_c1967.
300 _a9 h., 41 lám. ;
_c18 cm.
490 1 _aGuías de México
830 0 _aGuías de México
_9232619
852 _aES-MaACL
_jE-9786
_bR.93794
999 _c104032
_d104032